000 004190000a22001210004500
090 _aAS
_bSeriadas
245 1 0 _aAlgunas novedades en Senecioneae (<Asteraceae>) de Colombia
041 0 _aEspañol
700 1 _aCorrea, Alejandra
_999109
100 1 _aDíaz Piedrahita, Santiago
_995842
942 _cARTICULO
773 1 _tRevista de la Academia Colombiana de Ciencias Exactas, Fisicas y Naturales
_332
_h88
_q331-335
_d1999
_g23
999 _c14100
_d14100